000 00349nam a22001337a 4500
999 _c533747
_d533747
020 _a978-0415835480
040 _cMSOHAIL
082 _a333.91
_bBAL
100 _a Claudia Baldwin ; Mark Hamstead
_927722
245 _aIntegrated Water Resource Planning: Achieving Sustainable Outcomes
260 _cc2015
300 _a243;pxv
942 _2ddc
_cBK